000 00580cab a2200217 4500
001 X539
008 090401t1993 xxu||||| |||| 00| 0 eng d
035 _a(Sirsi) u66248
041 _aeng
245 _aEnergy: electricity supply fee scales
260 _c1993
350 _a0
490 _aCSM (Chartered Surveyor Monthly)
_v2(7) April 1993, 2(1)
650 _aEASEMENTS
650 _aELECTRICITY ASSOCIATION
650 _aELECTRICITY SUPPLY INDUSTRY
650 _aWAYLEAVES
690 _aENVIRONMENTAL AND LAND CONSULTANCY-ENERGY
942 _n0
948 _c04/03/1997
999 _c41419
_d41419